00309nam a22001097a 4500008004100000040005500041080001900096100002000115245002100135260003300156300001000189240910b |||||||| |||| 00| 0 eng d aNational Science LibrarycNational Science Library a582.47=30 bJ5 aKrussmann, Gerd aDie nadelgeholze aBerlin: bPaul Parey, c1955 a394p.